[Event "Sables d'Olonne op 6th"]
[Site "Sables d'Olonne"]
[Date "2019.07.19"]
[Round "9"]
[White "Pottier, Simeon"]
[Black "Rollot, Jean Louis"]
[Result "1-0"]
[WhiteElo "2192"]
[BlackElo "1890"]
[PlyCount "83"]
[EventDate "2019.07.13"]
[EventType "swiss"]
[EventRounds "9"]
[EventCountry "FRA"]
[SourceTitle "EXT 2020"]
[Source "ChessBase"]
[SourceDate "2019.10.17"]
[SourceVersion "1"]
[SourceVersionDate "2019.10.17"]
[SourceQuality "1"]

1. d4 Nf6 2. c4 c5 3. d5 b5 4. cxb5 a6 5. bxa6 Bxa6 6. Nc3 d6 7. e4 Bxf1 8. Kxf1 g6 9. g3 Bg7 10. Kg2 0-0 11. Nf3 Nbd7 12. a4 Ng4 13. Qc2 Nge5 14. Nxe5 Nxe5 15. Nb5 Qd7 16. h3 Qb7 17. Ra3 Rfb8 18. Bd2 Nd7 19. Bc3 Bxc3 20. bxc3 Ra5 21. h4 Ne5 22. h5 Qd7 23. c4 Nxc4 24. Qxc4 Rbxb5 25. hxg6 fxg6 26. axb5 Rxa3 27. Qc1 Ra7 28. Qh6 e6 29. b6 Ra4 30. Rb1 Rb4 31. Ra1 Ra4 32. b7 Qxb7 33. Rxa4 exd5 34. Qf4 dxe4 35. Qxe4 Qxe4+ 36. Rxe4 Kf7 37. Kf3 Kf6 38. Re8 d5 39. Rc8 c4 40. Ke3 Ke5 41. f4+ Kd6 42. Kd4 1-0

[Event "Sables d'Olonne op 6th"]
[Site "Sables d'Olonne"]
[Date "2019.07.16"]
[Round "5"]
[White "Frick, Christoph"]
[Black "Rollot, Jean Louis"]
[Result "1-0"]
[WhiteElo "2134"]
[BlackElo "1890"]
[PlyCount "57"]
[EventDate "2019.07.13"]
[EventType "swiss"]
[EventRounds "9"]
[EventCountry "FRA"]
[SourceTitle "EXT 2020"]
[Source "ChessBase"]
[SourceDate "2019.10.17"]
[SourceVersion "1"]
[SourceVersionDate "2019.10.17"]
[SourceQuality "1"]

1. d4 Nf6 2. Bf4 d6 3. Nc3 g6 4. e4 Bg7 5. Qd2 c6 6. Nf3 b5 7. a3 Bb7 8. Bd3 h6 9. h3 Nbd7 10. e5 dxe5 11. dxe5 Nh5 12. e6 Nxf4 13. exd7+ Qxd7 14. Qxf4 0-0 15. 0-0 a6 16. Rad1 Qc8 17. Rfe1 e6 18. Ne5 c5 19. Be4 b4 20. Na4 Bxe4 21. Qxe4 Rb8 22. Nd7 bxa3 23. bxa3 Bd4 24. Nxf8 Kxf8 25. c3 Bg7 26. Rb1 Rxb1 27. Rxb1 Qe8 28. Nxc5 Bxc3 29. Rb8 1-0

[Event "Espalion op 1st"]
[Site "Espalion"]
[Date "2016.07.09"]
[Round "1"]
[White "Rollot, Jean Louis"]
[Black "Gaubert, Cedric"]
[Result "0-1"]
[WhiteElo "1914"]
[BlackElo "1518"]
[PlyCount "106"]
[EventDate "2016.07.09"]
[EventType "swiss"]
[EventRounds "9"]
[EventCountry "FRA"]
[SourceTitle "CBM 173 Extra"]
[Source "ChessBase"]
[SourceDate "2016.08.29"]
[SourceVersion "1"]
[SourceVersionDate "2016.08.29"]
[SourceQuality "1"]

1. c4 c5 2. g3 Nf6 3. Bg2 Nc6 4. Nc3 d6 5. Nf3 Bd7 6. d4 cxd4 7. Nxd4 Rc8 8. 0-0 g6 9. Rb1 Bg7 10. Nb3 b6 11. Bf4 0-0 12. Nb5 a6 13. Na3 Nh5 14. Bg5 h6 15. Bd2 Rc7 16. Bc3 Bxc3 17. bxc3 Ne5 18. Nd4 Nxc4 19. Nxc4 Rxc4 20. Qb3 b5 21. Bd5 Rc7 22. Qc2 Kg7 23. Qd2 Nf6 24. Bg2 Qc8 25. Rfc1 Rd8 26. e4 e5 27. Nb3 Bc6 28. Qe3 Qa8 29. Re1 Rdc8 30. Na5 Bd7 31. Qb6 Ne8 32. Rbd1 Rxc3 33. h4 Rb8 34. Nb7 Qxb7 35. Qa5 b4 36. Rxd6 Qb5 37. Rxa6 Ra3 38. Qxb5 Rxb5 39. Rxa3 bxa3 40. Bf1 Rb2 41. Bc4 Be6 42. Bxe6 fxe6 43. Ra1 Nd6 44. f3 Nc4 45. f4 Nd2 46. f5 exf5 47. exf5 Rb1+ 48. Rxb1 Nxb1 49. Kf2 Nc3 50. Ke3 Nxa2 51. Kd3 Nb4+ 52. Kc3 a2 53. Kb2 e4 0-1